000 00753nam a22002537a 4500
003 OSt
005 20260408071631.0
008 260406b |||||||| |||| 00| 0 eng d
020 _a9780716638032
040 _cHS LRC
050 _aJV 61
_b.F524col 2018
100 _aFirme, Tom
_9131530
245 _aColonialism :
_band the rise of developing countries /
_cTom Firme
260 _aChicago, Illinois :
_bWorld Book,
_cc2018.
265 _aPES
300 _a128 pages :
_bcolor illustrations ;
_c24 cm.
365 _b2,250.00
440 _aHistory Summarized
_9131531
504 _aIncludes index.
650 _aColonization
_xHistory
_9131533
650 _aImperialism
_xHistory
_9131534
650 _aColonies
_xHistory
_9131535
942 _2lcc
_cBK
999 _c94044
_d94044